000
00326nam a22001577a 4500
003
SGT
020
_a
81-239-0266-2
082
_a
615.19
_b
A14V
100
_a
VERMA.R.M
245
_a
ANALYTICAL CHEMISTRY
250
_a
3RD
260
_a
NEW DELHI
_b
CBS. PUB
_c
2014
300
_a
561
650
_a
CHEMISTRY
942
_2
ddc
_c
BK
_0
9
999
_c
9619
_d
9619